MDQL
is popping MORE tags! Check the
thread
!
Quizzes
Events
Quiz Creation
Community
Videos
Private Events
Remove Ads
Sign In
Join for FREE
Feedback
Dark Mode
Quiz Categories
Sports
Geography
Music
Movies
Television
Just For Fun
Miscellaneous
History
Literature
Language
Science
Gaming
Entertainment
Religion
Holiday
For Kids
Quiz Lab
Recent
Popular Today
Quiz Kudos Today
Editor Picks
Curator Picks
Quizzes by...
Day
Popularity
Type
Ratings
Length
Year
Community
Subscriptions
Recent Discussions
Orange Saloon
Badges
Playlists
Quests
Create
Leaderboards
Showdown
Live 5
Trivia Bingo
Activity
Puzzle Library
Sporcle Events
Private Events
Virtual Trivia
Globe League
Become a Host
Pub Owners
SporcleCon
Opinionation
Our Games
Videos
Blog
Mobile Apps
Partnerships
Remove Ads and Go Orange
Feedback
History
US Presidents
World Leaders
Politics
Nation
Discovery
War
Decade
Year
Century
Biography
Art
History
US Presidents
World Leaders
Politics
Nation
Discovery
War
Decade
Year
Century
Biography
Art
Random Quiz
Search Sporcle
×
Quiz Lab
Quiz Lab
History
Country
Type in answers that appear in a list
Type in answers that appear in a list
Classic
Best Score? Go Orange.
Nobel Peace Prize Pre-1957 Stats
Can you name the Nobel Peace Prize laureates before 1957?
By
Sesel
10m
53 Questions
94 Plays
94 Plays
94 Plays
Comments
Comments
Give Quiz Kudos
Give Quiz Kudos
-
- Ratings
hide this ad
Replay
Link that replays current quiz
Next Quiz
Link to next quiz in quiz playlist
You Got
0%
They Got
Avg Score
25%
Avg Friend Score
Upgrade to see
Score Distribution
Jump to the score distribution portion of the page
Score
0/53
Timer
10:00
0
Plays Today
Year
Laureate
% Correct
1906
Theodore Roosevelt
82.8%
1919
Woodrow Wilson
76.3%
1917
International Committee of the Red Cross
64.5%
1944
International Committee of the Red Cross
64.5%
1901
Henry Dunant
61.3%
1953
George C. Marshall
60.2%
1929
Frank B. Kellogg
59.1%
1926
Aristide Briand
50.5%
1925
Austen Chamberlain
49.5%
1901
Frédéric Passy
41.9%
1922
Fridtjof Nansen
35.5%
1931
Jane Addams
32.3%
1905
Bertha von Suttner
29%
1954
Office of the United Nations High Commissioner for Refugees
29%
1952
Albert Schweitzer
28%
1925
Charles G. Dawes
26.9%
1926
Gustav Stresemann
23.7%
1913
Henri La Fontaine
21.5%
1935
Carl von Ossietzky
21.5%
1904
Institut de Droit International
20.4%
1909
Auguste Marie François Beernaert
20.4%
1945
Cordell Hull
19.4%
1908
Fredrik Bajer
18.3%
1911
Tobias Asser
18.3%
1902
Albert Gobat
17.2%
1946
John R. Mott
17.2%
1947
Friends Service Council
17.2%
Year
Laureate
% Correct
1912
Elihu Root
16.1%
1921
Hjalmar Branting
16.1%
1921
Christian Lange
16.1%
1937
Robert Cecil
16.1%
1934
Arthur Henderson
15.1%
1947
American Friends Service Committee
15.1%
1949
John Boyd Orr
15.1%
1902
Élie Ducommun
12.9%
1910
Permanent International Peace Bureau
12.9%
1911
Alfred Fried
12.9%
1927
Ludwig Quidde
12.9%
1933
Norman Angell
12.9%
1903
Randal Cremer
10.8%
1950
Ralph Bunche
10.8%
1907
Louis Renault
9.7%
1930
Nathan Söderblom
9.7%
1920
Léon Bourgeois
8.6%
1936
Carlos Saavedra Lamas
8.6%
1909
Paul Henri d'Estournelles de Constant
7.5%
1927
Ferdinand Buisson
7.5%
1938
Nansen International Office for Refugees
7.5%
1907
Ernesto Teodoro Moneta
6.5%
1908
Klas Pontus Arnoldson
6.5%
1946
Emily Greene Balch
6.5%
1931
Nicholas Murray Butler
5.4%
1951
Léon Jouhaux
5.4%
Quiz Playlist
Details
Report
Send in Message
Add To Playlist
Classic:
Type in answers that appear in a list
Last Updated: Feb 16, 2017
Quiz Scoreboard
CHALLENGE
Sign Up to Join the Scoreboard
Show All
Scores
Hide
Comments
May contain spoilers
Recently Published
Image Sorting: Flags VI
by Barbecue
Geography
2m
Find the 'City' Movie
by crazypaving
Movies
60s
5x2 Blitz: Bands
by SL_Kpop136
Music
30s
More to Explore
Quiz From the Vault
Featured Blog Post
14 Easter Pick-up Lines to Find Eggs With
hide this ad
You Might Also Like...
Tags
Country Quiz
1957
before
laureate
nobel
Nobel Peace
peace
Prize
Today's Top Quizzes in History
Browse History
hide this ad
Today's Top Quizzes in Country
Browse Country
Top Contributed Quizzes in History
1
I Am Born On March 29th
2
Order Up: 1000 Years of World Events I
3
Popular People in 1951
4
US National Parks Named After People
5
Popular People in 1991
6
Popular People in 1941
7
Popular People in 1981
8
Popular People in 1921
9
Popular People in 1986
10
Popular People in 1976
Explore More
Trending Topics
Anime
NBA
Kpop
Harry Potter
Crossword
Disney
Marvel
WWE
NFL
Song
Country
Puzzle
Pokémon
The Office
Soccer
hide this ad
More By:
Sesel
Quiz
Plays
Rating
Category
Featured
Created
100 Greatest Baseball Players
37,043
4.39
Sports
Oct 6, 2009
Top 100 Pitchers
8,337
4.42
Sports
Nov 28, 2009
Minnesota's 200 Largest Cities
3,422
5.00
Geography
Nov 7, 2010
Italian Prime Ministers
3,265
4.78
Geography
Sep 26, 2009
Twins Opening Day Lineups
3,094
4.33
Sports
Sep 30, 2009
Go to Creator's Profile
Score Distribution
Quiz Creator Spotlight
Sesel
Follow
Send a Message
Quizzes Created
-
Created Quiz Play Count
-
More By This Creator
Popular Quizzes Today
1
Colored Red Africa Blitz
2
Find the US States - No Outlines Minefield
3
Find the 'City' Movie
4
5x2 Blitz: Bands
5
The Countries of the World
6
Find the US States
7
Find the Countries of Europe - No Outlines Minefield
8
US States
More History Quizzes
I Am Born On September 23th
Quiz Lab
Trending Quizzes
Colored Red Europe Blitz I
Colored Red Europe Blitz II
Colored Red Africa Blitz II
Colored Red Europe Blitz III
Colored Red Africa Blitz III
Recently Updated
How Do You Spell That?
pecheneg
Godzilla Movies
pecheneg
Grab Bag: 4-10 Letters
pecheneg
2024 March Madness Bracket
pecheneg
Famous TV Couples
Peacemaker
Champions League XIs: Real Madrid
pecheneg
Largest US Cities 1790-2010
pecheneg
Rides in Walt Disney World
pecheneg
Most Oscar Losses (Acting)
pecheneg
Beyoncé Albums
pecheneg
Trending Topics
Anime
Crossword
NBA
Disney
Marvel
Kpop
Harry Potter
The Office
Song
WWE
Puzzle
NFL
Pokémon
Soccer
Country
Your Account Isn't Verified!
In order to create a playlist on Sporcle, you need to verify the email address you used during registration. Go to your
Sporcle Settings
to finish the process.
Report this User
Report this user for behavior that violates our
Community Guidelines
.
Details:
Send Report
Go to the Sporcle.com Mobile Site →
Comments